| 000 | 00796nam a2200265Ia 4500 | ||
|---|---|---|---|
| 003 | OSt | ||
| 005 | 20220918170248.0 | ||
| 006 | a|||||r|||| 00| 0 | ||
| 007 | ta | ||
| 008 | 220917b |||||||| |||| 00| 0 eng d | ||
| 020 |
_a9780070706521 (hbk) _c450 |
||
| 024 | _a261,806 | ||
| 037 |
_b190, 11/09/2010, Eastern Book Linkers _cTextual |
||
| 040 |
_aARTS _cARTS _beng |
||
| 041 |
_2eng _aeng |
||
| 082 | _aD65,8(B)TCP, Q0 | ||
| 100 |
_aForouzan Behrouz A. _913531 |
||
| 245 | 0 | _aTCP/ IP protocol suite | |
| 250 | _a4th | ||
| 260 |
_aNew Delhi _bTata McGraw Hill India _c2010 |
||
| 300 |
_axxxiv, 979p. _ccm. |
||
| 650 |
_aENGINEERING _92968 |
||
| 942 |
_hD65,8(B)TCP, Q0 _cTEXL _2CC |
||
| 999 |
_c133286 _d133286 |
||